| 000 | 02153cam a2200289 4500 | ||
|---|---|---|---|
| 001 | 8606 | ||
| 003 | Uk | ||
| 005 | 20181127190344.0 | ||
| 008 | 141127s2015 at 001|0|eng|d | ||
| 020 |
_a9781305116641 (hbk.) : _c123.00 |
||
| 082 | 0 | 4 |
_a155 _223 |
| 100 | 1 |
_aKail, Robert V., _e |
|
| 245 | 1 | 0 |
_aHuman development : _ba life-span view / _cRobert Kail, John Cavanaugh. |
| 250 | _a6th ed | ||
| 264 | 1 |
_aAustralia : _bSouth-Western, _c2013. |
|
| 300 |
_a1 volume ; _c25 cm. |
||
| 336 |
_atext _2rdacontent. |
||
| 337 |
_aunmediated _2rdamedia. |
||
| 338 |
_avolume _2rdacarrier. |
||
| 500 |
_aFormerly CIP. _5Uk. |
||
| 500 | _aPrevious ed.: Belmont, Calif.: Wadsworth Cengage Learning, 2013. | ||
| 504 | _aIncludes bibliographical references and index. | ||
| 505 | _aCONTENTS : The study of human development -- Biological foundations : heredity, prenatal development, and birth -- Tools for exploring the world : physical, perceptual, and motor development -- The emergence of thought and language : cognitive development in infancy and early childhood -- Entering the social world : socioemotional development in infancy and early childhood -- Off to school : cognitive and physical development in middle childhood -- Expanding social horizons : socioemotional development in middle childhood rites of passage : physical and cognitive development in adolescence -- Moving into the adult social world : socioemotional development in adolescence -- Becoming an adult : physical, cognitive, and personality development in young adulthood -- Being with others : forming relationships in young and middle adulthood -- Work and leisure : occupational and lifestyle issues in young and middle adulthood -- Making it in midlife : the biopsychosocial challenges of middle adulthood -- The personal context of later life : physical, cognitive, and mental health issues -- Social aspects of later life : psychosocial, retirement, relationship, and societal issues -- The final passage : dying and bereavement. | ||
| 650 | 0 | _aDevelopmental psychology. | |
| 700 | 1 |
_aCavanaugh, John C., _eauthor. |
|
| 999 |
_c7458 _d7458 |
||